| 000 | 00600nam a2200181Ia 4500 | ||
|---|---|---|---|
| 003 | OSt | ||
| 005 | 20250529121049.0 | ||
| 008 | 210210b1935 xxu||||| |||| 00| 0 eng d | ||
| 040 |
_aAL _c |
||
| 041 | _aKannada | ||
| 082 | _a852/101 | ||
| 100 |
_aKRASHNA AYYANGARA _931849 _d ಕೃಷ್ಣ ಅಯ್ಯಂಗಾರ |
||
| 245 |
_aBharatiya pauranitiya kaipidi Bhaga 2 _bಭಾರತೀಯ ಪೌರನೀತಿಯ ಕೈಪಿಡಿ - ಭಾಗ ೨ |
||
| 260 |
_aBengaluru _bSatyashodhana Prakatana Mandira _c1935 |
||
| 690 |
_aPolitical Science _931855 |
||
| 906 | _a018670 | ||
| 942 |
_2ddc _cBK |
||
| 999 |
_c142183 _d142183 |
||